[Event "Cto de Aragon  Equipos Cat Preferente"]
[Site "Aragon"]
[Date "2010.02.20"]
[Round "5.26"]
[White "Escuer Sanchez Nestor"]
[Black "Lopez Guaita Fernando"]
[Result "1/2-1/2"]
[WhiteElo "2094"]
[BlackElo "2026"]

1.e4 e5 2.Bc4 Bc5 3.Nc3 Nf6 4.d3 d6 5.f4 Nc6 6.Nf3 Be6 7.Bb5 Bd7 8.f5 a6 9.Ba4
h6 10.a3 Nd4 11.Nxd4 Bxa4 12.Nxa4 Bxd4 13.Qf3 Qd7 14.Nc3 Qc6 15.Ne2 Bb6 16.c4
O-O-O 17.b4 h5 18.h3 Rdf8 19.Be3 Nd7 20.a4 Bxe3 21.Qxe3 Qb6 22.Qxb6 Nxb6 23.
O-O c6 24.b5 axb5 25.cxb5 cxb5 26.axb5 Kb8 27.Nc3 Rc8 28.Na4 Nxa4 29.Rxa4 Kc7
30.d4 Kb6 31.dxe5 dxe5 32.Ra3 Rc4 33.Rg3 Rg8 34.Rd1 Rxe4 35.Rd7 f6 36.Rgxg7
Rxg7 37.Rxg7 Rf4 38.g4 hxg4 39.hxg4 Kxb5 40.Rxb7+ Kc5 41.Rg7 e4 42.Kg2 e3 43.
Kg3 Re4 44.Rc7+ Kd6 45.Rc1 e2 46.Re1 Ke5 47.Kf3 Rf4+ 48.Kg3 Re4 49.Kf3 Rf4+
1/2-1/2

[Event "Cto de Aragon  Equipos Cat Preferente"]
[Site "Aragon"]
[Date "2010.02.20"]
[Round "5.27"]
[White "Ferrer Echavarri Francisco Javier"]
[Black "Andreu Sin Raul"]
[Result "0-1"]
[WhiteElo "1972"]
[BlackElo "2053"]

1.e4 e5 2.Nf3 Nc6 3.Bb5 a6 4.Bxc6 dxc6 5.O-O f6 6.d4 Bg4 7.dxe5 Qxd1 8.Rxd1
fxe5 9.Rd3 Bd6 10.Be3 Nf6 11.Nbd2 O-O 12.Re1 c5 13.Bg5 b5 14.c4 Be6 15.b3 Nd7
16.Bh4 h6 17.Bg3 b4 18.Nf1 a5 19.Ra1 a4 20.Ne3 axb3 21.Rxb3 Ra4 22.Nd2 Rfa8
23.Rb2 R4a7 24.f3 Nb6 25.Bf2 Na4 26.Rc2 Nc3 27.Nb3 Rxa2 28.Rcxa2 Rxa2 29.Rxa2
Nxa2 30.Nd5 c6 31.Nb6 Bc7 32.Bxc5 Bxb6 33.Bxb6 Bxc4 34.Nd2 Be6 35.Bc7 c5 36.
Kf2 c4 37.Nxc4 Bxc4 38.Bxe5 Nc1 39.Ke3 Nd3 40.Bd4 b3 41.Kd2 Nf4 42.g3 Ne6 43.
Bb2 Nc5 44.Kc3 Be6 45.Ba3 Na4+ 46.Kd2 Bc4 47.f4 Kf7 48.g4 Bf1 49.h4 Bg2 50.Ke3
b2 51.Bxb2 Nxb2 52.h5 Nc4+ 53.Kd4 Nd6 54.e5 Nc8 55.Ke3 Ke6 56.g5 Kf5 57.gxh6
gxh6 58.Kf2 Bc6 0-1

[Event "Cto de Aragon  Equipos Cat Preferente"]
[Site "Aragon"]
[Date "2010.02.20"]
[Round "5.28"]
[White "Avellanas Pau Miguel Angel"]
[Black "Navarro Sancho Rafael"]
[Result "0-1"]
[WhiteElo "1927"]
[BlackElo "1876"]

1.e4 c5 2.Nf3 d6 3.d4 cxd4 4.Nxd4 Nf6 5.Nc3 a6 6.f3 Nbd7 7.Be3 Qc7 8.Qd2 b5 9.
g4 Nb6 10.g5 Nfd7 11.Qf2 Bb7 12.Bd3 Rc8 13.O-O g6 14.f4 Bg7 15.f5 O-O 16.fxg6
hxg6 17.Qh4 Ne5 18.Qf4 Nxd3 19.Rad1 Nxf4 0-1

[Event "Cto de Aragon  Equipos Cat Preferente"]
[Site "Aragon"]
[Date "2010.02.20"]
[Round "5.29"]
[White "Malo Guillen Jose Luis"]
[Black "Aparicio Navarro Pedro Jose"]
[Result "1-0"]
[WhiteElo "2162"]
[BlackElo "2203"]

1.d4 Nf6 2.c4 c5 3.Nf3 g6 4.g3 Bg7 5.Bg2 O-O 6.O-O d6 7.dxc5 dxc5 8.Ne5 Nfd7
9.Nxd7 Qxd7 10.Qxd7 Nxd7 11.Nc3 Ne5 12.Nd5 Nc6 13.Bg5 Bxb2 14.Rab1 f6 15.Rxb2
fxg5 16.Nc7 Bg4 17.Nxa8 Rxa8 18.Rxb7 Rc8 19.Bxc6 Rxc6 20.Rxe7 Ra6 21.Rb1 1-0

[Event "Cto de Aragon  Equipos Cat Preferente"]
[Site "Aragon"]
[Date "2010.02.20"]
[Round "5.30"]
[White "Lana Rodriguez David"]
[Black "Alonso Blasco Jose Miguel"]
[Result "1-0"]
[WhiteElo "2177"]
[BlackElo "2114"]

1.e4 c6 2.Nc3 d5 3.exd5 cxd5 4.Qf3 Nf6 5.d4 Nc6 6.Bb5 Bg4 7.Qg3 Bf5 8.Ba4 Ne4
9.Nxe4 Bxe4 10.c3 Qb6 11.Nf3 Qa6 12.Bd1 O-O-O 13.Ng5 Bg6 14.h4 h5 15.Ne6 Rd6
16.Nc5 Qb6 17.O-O Bf5 18.b4 Rg6 19.Qf4 e6 20.a4 Qd8 21.Qh2 Bxc5 22.dxc5 Bd3
23.Re1 Be4 24.f3 Bd3 25.Be3 Qc7 26.Bf4 Qd7 27.Re3 Bf5 28.Bd6 f6 29.a5 d4 30.
cxd4 Nxd4 31.Ba4 Nb5 32.Rc1 e5 33.Ree1 a6 34.Red1 Qc6 35.Kf2 Rd8 36.Be7 Rxd1
37.Rxd1 Qe6 38.Bxb5 axb5 39.Bd6 Qa2+ 40.Kg1 Qe2 41.Ra1 Qb2 42.Rd1 Qe2 43.Ra1
Qb2 44.Rf1 Qxb4 45.Kh1 Qc4 46.Rd1 Qa4 47.Rc1 Qd4 48.Bf8 Qd2 49.Ra1 Qb2 50.Rd1
Qe2 51.Rc1 Qd2 52.Rf1 Bd3 53.Qh3+ f5 54.Rg1 Qf4 55.Bd6 Rg3 56.Qh2 g6 57.Re1
1-0

[Event "Cto de Aragon  Equipos Cat Preferente"]
[Site "Aragon"]
[Date "2010.02.20"]
[Round "5.31"]
[White "Artal Alegria Francisco Javier"]
[Black "Munoz Munoz Juan Carlos"]
[Result "1/2-1/2"]
[WhiteElo "1954"]
[BlackElo "2129"]

1.e4 c5 2.Nc3 Nc6 3.g3 g6 4.Bg2 Bg7 5.d3 d6 6.h3 e5 7.f4 Nge7 8.g4 exf4 9.Bxf4
f5 10.exf5 O-O 11.Nge2 gxf5 12.g5 Ng6 13.Bd5+ Kh8 14.h4 Nxf4 15.Nxf4 Re8+ 16.
Kf1 Be5 17.Nce2 Nd4 18.g6 Nxe2 19.Qxe2 Bxf4 20.Qh5 h6 21.g7+ Kxg7 22.Qf7+ Kh8
23.Rg1 Bg5 24.hxg5 Qe7 25.Qh5 Qf8 26.Bf7 Re7 27.g6 Kg7 28.Rh1 Qh8 29.Qh4 Re5
30.Re1 Rxe1+ 31.Qxe1 Qd8 32.Qg3 f4 33.Qxf4 Qf6 34.Qxf6+ Kxf6 35.Rxh6 Bf5 36.
Bd5 Rd8 37.Bxb7 Kg7 38.Rh7+ Kxg6 39.Rc7 a5 40.Bd5 Rb8 41.b3 Rf8 42.Ke1 Bh3 43.
Ra7 Kf6 44.Rxa5 Ke5 45.Be4 Kd4 46.Ra4+ Ke3 47.Bf3 Kxf3 48.Kd2 d5 49.d4 Rc8 50.
Ra5 cxd4 51.Rxd5 Ke4 52.Rh5 Bf5 53.Rh2 Ke5 54.Kd1 Bg4+ 55.Kd2 Bf5 1/2-1/2

[Event "Cto de Aragon  Equipos Cat Preferente"]
[Site "Aragon"]
[Date "2010.02.20"]
[Round "5.32"]
[White "Sanchez Moreno Jose Carlos"]
[Black "Querol Soro Sergio"]
[Result "1-0"]
[WhiteElo "2001"]
[BlackElo "1950"]

1.c4 Nf6 2.g3 d5 3.cxd5 Qxd5 4.Nf3 Nc6 5.Nc3 Qh5 6.Qb3 a6 7.Bg2 Rb8 8.Ng5 Bd7
9.d3 Nd4 10.Qc4 Nc2+ 11.Kf1 Nxa1 12.Bf3 Qg6 13.h4 h5 14.Qxc7 Rc8 15.Qxb7 Nc2
16.Qxa6 e6 17.Bb7 Nb4 18.Qa7 Rd8 19.Kg2 Qf5 20.d4 Nc6 21.Bxc6 Bxc6+ 22.f3 Nd7
23.e4 Qg6 24.Re1 Bd6 25.d5 Ba8 26.Nb5 e5 27.Qa6 Nc5 28.Qa7 O-O 29.Be3 Rc8 30.
Rc1 Nd3 31.Rxc8 Rxc8 32.Nxd6 Qxd6 33.Qxf7+ Kh8 34.Qxh5+ Qh6 35.Nf7+ 1-0

[Event "Cto de Aragon  Equipos Cat Preferente"]
[Site "Aragon"]
[Date "2010.02.20"]
[Round "5.33"]
[White "Gracia Campo Carlos Alberto"]
[Black "Cebrian Valverde Jose Antonio"]
[Result "1/2-1/2"]
[WhiteElo "2095"]
[BlackElo "2189"]

1.e4 e6 2.d4 d5 3.exd5 exd5 4.c4 Bb4+ 5.Nc3 Nf6 6.Bg5 O-O 7.Nf3 Re8+ 8.Be2
dxc4 9.O-O Bxc3 10.bxc3 b5 11.Ne5 Bb7 12.Bf3 Bxf3 13.Qxf3 Qd5 14.Bxf6 Qxf3 15.
Nxf3 gxf6 16.a4 c6 17.Rfb1 a6 18.axb5 cxb5 19.Rxb5 axb5 20.Rxa8 Kf8 21.Ra5 b4
22.cxb4 Nc6 23.Rc5 Nxd4 24.Rxc4 Nxf3+ 25.gxf3 Re1+ 26.Kg2 Rb1 27.Rc8+ Kg7 28.
Rb8 Rb2 29.Kg3 Rb1 30.Kg2 Rb2 31.b5 Rb1 32.b6 Rb5 33.Kg3 Rb4 34.f4 Rb3+ 35.Kg4
Rb2 36.Kf3 Rb3+ 37.Ke4 Rb2 38.Ke3 Rb3+ 39.Kd4 Rb2 40.Kc5 Rxf2 41.Rd8 Rc2+ 42.
Kd6 Rd2+ 43.Kc7 Rc2+ 44.Kb8 Rxh2 45.b7 Rb2 46.Rd4 Kg6 47.Ra4 Kf5 48.Ka7 h5 49.
Ka6 Kg4 50.f5+ Kg5 51.Ra5 Rxb7 52.Kxb7 h4 53.Kc6 h3 54.Ra3 Kxf5 55.Rxh3 Ke4
56.Rh7 f5 57.Rxf7 f4 58.Re7+ Kd4 59.Rf7 Ke3 60.Kd5 f3 61.Re7+ Kd3 62.Rf7 Ke2
63.Ke4 f2 1/2-1/2

[Event "Cto de Aragon  Equipos Cat Preferente"]
[Site "Aragon"]
[Date "2010.02.20"]
[Round "5.34"]
[White "Gimeno Oteo Marco Antonio"]
[Black "Bayod Rubia Angel"]
[Result "0-1"]
[WhiteElo "2142"]
[BlackElo "2025"]

1.e4 e5 2.f4 Bc5 3.Nf3 d6 4.Bc4 Nf6 5.d3 Nc6 6.Nc3 Bg4 7.Na4 Bb6 8.c3 Na5 9.
Nxb6 axb6 10.Bb5+ Bd7 11.Bxd7+ Nxd7 12.O-O O-O 13.f5 Qe8 14.Be3 f6 15.Nh4 Qf7
16.Qg4 Rfd8 17.Rf3 Nb3 18.Raf1 Rxa2 19.Rg3 Kf8 20.Nf3 h5 21.Qh4 Ke7 22.Rg6 Rh8
23.g4 Nf8 24.gxh5 Ra1 25.Qg4 Rxf1+ 26.Kxf1 Nxg6 27.fxg6 Qe6 28.h3 Nc5 29.Nh4
Qxg4 30.hxg4 Nxd3 31.Nf5+ Kf8 32.h6 Rxh6 33.Nxh6 gxh6 34.Bxh6+ Kg8 35.b4 b5
36.g5 Nf4 37.gxf6 Nxg6 38.Kf2 Kf7 39.Bg5 Nf8 40.Ke3 Kg6 41.Bh4 Kh5 42.Bf2 Kg5
43.Kd3 Kxf6 44.c4 bxc4+ 45.Kxc4 Ke6 46.b5 Nd7 47.Bh4 Nf6 48.Kd3 c6 49.bxc6
bxc6 0-1

[Event "Cto de Aragon  Equipos Cat Preferente"]
[Site "Aragon"]
[Date "2010.02.20"]
[Round "5.35"]
[White "Bailo Remacha Santiago"]
[Black "Gutierrez Minguenza Ruben"]
[Result "0-1"]
[WhiteElo "1991"]
[BlackElo "2063"]

1.Nf3 Nf6 2.g3 c5 3.Bg2 Nc6 4.c4 d5 5.cxd5 Nxd5 6.O-O e5 7.Nc3 Nc7 8.d3 Be7 9.
Be3 O-O 10.Na4 b6 11.Rc1 Bd7 12.Nc3 Rc8 13.h4 Kh8 14.Bg5 f6 15.Bd2 Nd4 16.e3
Nxf3+ 17.Qxf3 Rb8 18.Rfd1 Be6 19.Be1 Qd7 20.Qe2 Rfd8 21.Rd2 f5 22.Rcd1 Bf6 23.
f4 exf4 24.gxf4 Re8 25.e4 Bd4+ 26.Bf2 Rbd8 27.Kh2 Qf7 28.e5 b5 29.Bc6 Bd7 30.
Bf3 Be6 31.a3 a6 32.Bh5 g6 33.Bf3 Nd5 34.Bxd4 Nxf4 35.Qe3 Rxd4 36.b4 Qe7 37.
Qf2 cxb4 38.axb4 Red8 39.Be4 Nh5 40.Ne2 Rxb4 41.Bf3 Rxh4+ 42.Kg1 Nf4 43.Nxf4
Rxf4 44.d4 Bc4 45.Qg3 g5 46.Qf2 g4 47.Qe3 Rxf3 48.Qh6 Rh3 49.Qc6 Bd5 50.Qc2
Rh1+ 51.Kf2 Rh2+ 52.Ke3 Qg5+ 53.Kd3 Be4+ 54.Kc3 Rc8+ 55.Kb4 Rxc2 0-1

[Event "Cto de Aragon  Equipos Cat Preferente"]
[Site "Aragon"]
[Date "2010.02.20"]
[Round "5.36"]
[White "Palomar Ramon Santiago"]
[Black "Galve Guinea Alejandro"]
[Result "1-0"]
[WhiteElo "2042"]
[BlackElo "1977"]

1.e4 e6 2.d4 d5 3.Nc3 Bb4 4.e5 c5 5.Bd2 Ne7 6.Nf3 Nbc6 7.Nb5 Bxd2+ 8.Qxd2 O-O
9.c3 f6 10.exf6 Rxf6 11.dxc5 b6 12.cxb6 Qxb6 13.Nbd4 Rb8 14.b3 e5 15.Nxc6 Nxc6
16.Qxd5+ Be6 17.Qe4 Qa5 18.Qe3 Rxb3 19.Rc1 Qxa2 20.Bd3 Qa3 21.O-O Qa5 22.Ng5
Bd5 23.Bxh7+ Kf8 24.Be4 Rf4 25.Rfd1 Bxe4 26.Ne6+ Kg8 27.Nxf4 Bh7 28.Ne6 e4 29.
Rd7 1-0

[Event "Cto de Aragon  Equipos Cat Preferente"]
[Site "Aragon"]
[Date "2010.02.20"]
[Round "5.37"]
[White "Gil Capape MA"]
[Black "Burillo Rodriguez Carlos"]
[Result "1-0"]
[WhiteElo "2155"]
[BlackElo "2120"]

1.e4 c5 2.Nf3 Nc6 3.d4 cxd4 4.Nxd4 Nf6 5.Nc3 a6 6.Be2 d6 7.O-O e5 8.Nb3 Be6 9.
Bg5 Be7 10.Bxf6 gxf6 11.Nd5 f5 12.exf5 Bxf5 13.Bg4 Be4 14.Re1 Bxd5 15.Qxd5 Qb6
16.c3 Qb5 17.Qe4 h5 18.Be2 Qb6 19.Qf5 Bh4 20.Bc4 Rf8 21.Rad1 Ne7 22.Qf3 Rc8
23.Re4 Ng6 24.g3 Be7 25.Qf5 Kd8 26.Bd5 h4 27.Rb4 Qxb4 28.cxb4 hxg3 29.hxg3 b6
30.Rc1 Rxc1+ 31.Nxc1 Kc7 32.Qc2+ Kd8 33.Qc6 f5 34.Be6 1-0

[Event "Cto de Aragon  Equipos Cat Preferente"]
[Site "Aragon"]
[Date "2010.02.20"]
[Round "5.38"]
[White "Hernandez Delgado Gabriel"]
[Black "Vera Aranjuelo Jesus Maria"]
[Result "1-0"]
[WhiteElo "2004"]
[BlackElo "2111"]

1.Nf3 d5 2.g3 Nf6 3.Bg2 Bf5 4.O-O e6 5.d3 Be7 6.Qe1 O-O 7.Nbd2 h6 8.e4 Bh7 9.
Ne5 Nbd7 10.Nxd7 Qxd7 11.e5 Ne8 12.f4 c5 13.b3 b5 14.a4 c4 15.dxc4 bxc4 16.
Nxc4 Bxc2 17.Qc3 Bh7 18.Qd2 Rb8 19.Qd1 Qb7 20.Nd2 Bc5+ 21.Kh1 Be3 22.Ba3 Bxd2
23.Qxd2 Qxb3 24.Bxf8 Kxf8 25.Qd4 Qb7 26.Qc5+ Kg8 27.Rfc1 g5 28.a5 a6 29.Qc6
Qa7 30.Rc5 Ng7 31.fxg5 hxg5 32.Qc7 Qa8 33.Qe7 Rb2 34.Rac1 Rb1 35.Qxg5 Rxc1+
36.Qxc1 1-0

[Event "Cto de Aragon  Equipos Cat Preferente"]
[Site "Aragon"]
[Date "2010.02.20"]
[Round "5.39"]
[White "Galvez Perez Jose Luis"]
[Black "De la Riva Fernandez Eduardo"]
[Result "0-1"]
[WhiteElo "2005"]
[BlackElo "1997"]

1.c4 c6 2.b3 d5 3.Bb2 d4 4.Nf3 c5 5.e3 Nc6 6.exd4 cxd4 7.d3 e5 8.g3 Bg4 9.h3
Bb4+ 10.Nbd2 Bxd2+ 11.Kxd2 Bxf3 12.Qxf3 Nge7 13.Bg2 Qa5+ 14.Ke2 O-O 15.Rhd1 b5
16.cxb5 Qxb5 17.Kf1 Rac8 18.Ba3 Nb4 19.Qb7 Qxb7 20.Bxb7 Rc7 21.Bxb4 Rxb7 22.
Bd6 f6 23.Rac1 Rc8 24.f4 Rxc1 25.Rxc1 exf4 26.Bxf4 Nd5 27.Bd2 Nc7 28.Rc4 Ne6
29.Kf2 Kf7 30.Kf3 f5 31.b4 Ke7 32.a4 Kd6 33.b5 Kd5 34.Bb4 a6 35.bxa6 Ra7 36.a5
Rxa6 37.Rc8 Ra7 38.h4 Rb7 39.Bd2 Rb2 40.Bf4 Ra2 41.Ra8 h6 42.Ra6 g5 43.Rd6+
Kc5 44.hxg5 hxg5 45.Bxg5 Kxd6 0-1

[Event "Cto de Aragon  Equipos Cat Preferente"]
[Site "Aragon"]
[Date "2010.02.20"]
[Round "5.40"]
[White "Gimeno Garcia David"]
[Black "Carraminana Lopez Luis Antonio"]
[Result "0-1"]
[WhiteElo "1515"]
[BlackElo "1986"]

1.d4 Nf6 2.c4 c5 3.d5 e6 4.Nc3 exd5 5.cxd5 d6 6.e4 g6 7.Bg5 Bg7 8.Qd2 a6 9.Bd3
b5 10.f3 Nbd7 11.Nge2 O-O 12.h4 b4 13.Nd1 Ne5 14.Ne3 h6 15.Bf4 Nh5 16.Nc4 Nxf4
17.Nxf4 Qf6 18.Nb6 Ra7 19.Be2 Bd7 20.Nxd7 Rxd7 21.Bxa6 c4 22.Ke2 Ra7 23.Bb5
Rb8 24.Bc6 c3 25.Qd4 Qxf4 26.Qxa7 Qd2+ 27.Kf1 Nxc6 28.dxc6 Bd4 29.Qxd4 Qxd4
30.bxc3 bxc3 31.c7 Rc8 32.g4 Qd3+ 0-1

[Event "Cto de Aragon  Equipos Cat Preferente"]
[Site "Aragon"]
[Date "2010.02.20"]
[Round "5.41"]
[White "Chueca Forcen Alberto"]
[Black "Sierra Aguerri Joaquin"]
[Result "1-0"]
[WhiteElo "2276"]
[BlackElo "2014"]

1.d4 e6 2.c4 Bb4+ 3.Nc3 f5 4.g3 Nf6 5.Bg2 O-O 6.e3 c6 7.Nf3 b6 8.O-O Bxc3 9.
bxc3 Ba6 10.Qa4 Ne4 11.Ba3 d6 12.Rfc1 c5 13.Nd2 Bb7 14.Qc2 Qf6 15.Rf1 Qg6 16.
f3 Nxd2 17.Qxd2 Nc6 18.f4 Na5 19.Bxb7 Nxb7 20.Rad1 Na5 21.Qd3 Rad8 22.Bc1 Qe8
23.d5 e5 24.e4 fxe4 25.Qxe4 exf4 26.Rxf4 Qxe4 27.Rxe4 h6 28.Kg2 Rd7 29.h4 Rff7
30.Rde1 Kh7 31.Bf4 Kg6 32.Kf3 Kh7 33.h5 Nb7 34.Kg4 Na5 35.R1e2 Rd8 36.R2e3
Rfd7 37.Kf3 a6 38.Re1 b5 39.cxb5 axb5 40.Rb1 Rb8 41.a4 Rdb7 42.axb5 Rxb5 43.
Rxb5 Rxb5 44.Bxd6 Nb7 45.Bf4 c4 46.Re7 Rxd5 47.Rxb7 Rd3+ 48.Kg4 Rxc3 49.Rxg7+
Kh8 50.Ra7 Rc2 51.Kf5 Rf2 52.Kg6 1-0

[Event "Cto de Aragon  Equipos Cat Preferente"]
[Site "Aragon"]
[Date "2010.02.20"]
[Round "5.42"]
[White "Fernandez Rubio Rafael"]
[Black "Palacios Latasa Elias"]
[Result "1-0"]
[WhiteElo "1958"]
[BlackElo "2205"]

1.e4 c5 2.Nf3 Nc6 3.Nc3 g6 4.g3 Bg7 5.Bg2 d6 6.O-O e6 7.d3 Nge7 8.Be3 O-O 9.d4
b6 10.d5 exd5 11.exd5 Ne5 12.Nxe5 Bxe5 13.Bg5 f6 14.Bh6 Re8 15.Rb1 Nf5 16.Bd2
Ne7 17.Kh1 f5 18.Re1 Bb7 19.Bg5 Qd7 20.Qe2 Kg7 21.Qb5 Qc7 22.f4 a6 23.Qd3 Bd4
24.Ne2 Bf6 25.Bxf6+ Kxf6 26.c4 Ng8 27.Ng1 Kf7 28.Nf3 h6 29.g4 Nf6 30.gxf5 gxf5
31.Qxf5 Bc8 32.Re6 Rxe6 33.dxe6+ Bxe6 34.Qd3 Rg8 35.f5 Bc8 36.Nh4 Bb7 37.Bd5+
Bxd5+ 38.cxd5 Qb7 39.Rd1 Rg4 40.Nf3 c4 41.Qe3 Qe7 42.Qe6+ Qxe6 43.dxe6+ Ke7
44.Nd4 Ne4 45.Nc6+ Kf6 46.Rf1 Rg5 47.e7 Rg8 48.Rf4 d5 49.h3 Kf7 50.Nb4 Kxe7
51.Nxd5+ Kd6 52.Nxb6 Ke5 53.Rf3 Ng3+ 54.Kh2 Nxf5 55.Nxc4+ Ke4 56.Nd2+ Ke5 57.
Ra3 Rg6 58.Ra4 Nd4 59.h4 Nf5 60.h5 Rc6 61.Nf3+ Kf6 62.Kh3 Re6 63.Rf4 Re2 64.
Rxf5+ 1-0

[Event "Cto de Aragon  Equipos Cat Preferente"]
[Site "Aragon"]
[Date "2010.02.20"]
[Round "5.43"]
[White "Hernando Garcia Antonio"]
[Black "Sancho Casale Jesus"]
[Result "1-0"]
[WhiteElo "2203"]
[BlackElo "1950"]

1.c4 Nf6 2.Nc3 g6 3.Nf3 Bg7 4.g3 O-O 5.Bg2 c6 6.O-O d5 7.cxd5 cxd5 8.d4 Nc6 9.
Ne5 e6 10.Nxc6 bxc6 11.Bg5 Rb8 12.Na4 h6 13.Bf4 Rb4 14.a3 Rb5 15.Be5 Re8 16.
Qc2 Bb7 17.Nc5 Ba8 18.b4 Bf8 19.Bxf6 Qxf6 20.e3 Bxc5 21.bxc5 e5 22.Rfb1 Rxb1+
23.Rxb1 exd4 24.Qb2 Qf5 25.exd4 Qc8 26.Bf1 Kg7 27.Bd3 Re7 28.Qb8 Qxb8 29.Rxb8
Bb7 30.h4 h5 31.Kg2 Kf6 32.Kf3 Kg7 33.Kf4 Kh6 34.f3 Kg7 35.g4 hxg4 36.fxg4 Kh6
37.Rd8 Kg7 38.g5 a6 39.Bc2 a5 40.Bd3 a4 41.Rb8 Rc7 42.Ke5 Re7+ 43.Kd6 Re3 44.
Bc2 Ba6 45.Bxa4 Rxa3 46.Bxc6 Bc4 47.Bxd5 Ra6+ 48.Rb6 1-0

[Event "Cto de Aragon  Equipos Cat Preferente"]
[Site "Aragon"]
[Date "2010.02.20"]
[Round "5.44"]
[White "Muro Turon Raul"]
[Black "Cervera Jimenez Javier"]
[Result "1-0"]
[WhiteElo "1809"]
[BlackElo "2095"]

1.e4 Nf6 2.Nc3 d5 3.exd5 Nxd5 4.Bc4 Nb6 5.Bb3 c5 6.d3 Nc6 7.Nf3 Bf5 8.Bf4 e6
9.Qd2 Bd6 10.Nb5 e5 11.Nxd6+ Qxd6 12.Bg3 O-O 13.O-O-O a5 14.Rhe1 a4 15.Bc4
Nxc4 16.dxc4 Qxd2+ 17.Rxd2 f6 18.Nh4 Be6 19.f4 Bxc4 20.fxe5 fxe5 21.Bxe5 Rae8
22.Nf3 Rxf3 23.gxf3 Rxe5 24.Rxe5 Nxe5 25.b3 axb3 26.cxb3 Bb5 27.a4 Ba6 28.Rd5
Nxf3 29.Rxc5 Nxh2 30.b4 Bd3 31.Rc8+ Kf7 32.Rc7+ Ke6 33.Rxg7 Be4 34.Rg5 Nf3 35.
Rh5 Kd6 36.Kb2 Bg6 37.Rh3 Nd4 38.Kc3 Ne2+ 39.Kd2 Nf4 40.Rh4 Ke5 41.b5 h5 42.a5
Be8 43.a6 bxa6 44.bxa6 Nd5 45.a7 Nb6 46.Rb4 Na8 47.Rb8 Bc6 48.Ke3 Kf5 49.Kf2
Kg4 50.Rg8+ Kh3 51.Rh8 h4 52.Rg8 Bd5 53.Rg5 Be4 54.Re5 Bc6 55.Rg5 Bh1 56.Ke3
Nb6 57.Rg8 Bg2 58.Rh8 Kg3 59.Rg8+ Kh2 60.Kf2 Be4 61.Rg4 h3 62.Rxe4 Na8 63.Re8
Nb6 64.a8=Q Nxa8 65.Rxa8 Kh1 66.Kg3 1-0

[Event "Cto de Aragon  Equipos Cat Preferente"]
[Site "Aragon"]
[Date "2010.02.20"]
[Round "5.45"]
[White "Salamero Pelay Fernando"]
[Black "Martinez Asensio Juan Miguel"]
[Result "0-1"]
[WhiteElo "2131"]
[BlackElo "2140"]

1.e4 c5 2.Nf3 g6 3.d4 cxd4 4.Qxd4 Nf6 5.e5 Nc6 6.Qa4 Nd5 7.Qe4 Ndb4 8.Bb5 Bg7
9.O-O O-O 10.c3 Na6 11.Re1 Nc5 12.Qh4 Ne6 13.Bh6 d6 14.Bxc6 bxc6 15.Nbd2 d5
16.Rad1 Bd7 17.Nb3 Rb8 18.Nbd4 Nxd4 19.Rxd4 e6 20.Ng5 f6 21.Bxg7 fxg5 22.Qh6
Rf5 23.b4 c5 24.bxc5 Rb2 25.Bf6 Rxf6 26.exf6 Qxf6 27.f4 g4 28.Re5 Rb8 29.Kf2
Rb2+ 30.Kg3 Rc2 31.Rb4 Rxc3+ 32.Kxg4 Rxc5 33.Rb7 Qd8 34.Qg5 Qc8 35.Rxa7 Kf7
36.Kh4 Rc7 37.Ra3 Rc4 38.Rae3 d4 39.R3e4 d3 40.Re3 Rd4 41.g4 d2 42.f5 0-1

[Event "Cto de Aragon  Equipos Cat Preferente"]
[Site "Aragon"]
[Date "2010.02.20"]
[Round "5.46"]
[White "Dominguez Bujeda Jesus"]
[Black "Biarge Carnicer Arturo"]
[Result "1-0"]
[WhiteElo "2111"]
[BlackElo "1899"]

1.d4 Nf6 2.c4 g6 3.Nc3 Bg7 4.e4 d6 5.f3 O-O 6.Bg5 Nbd7 7.Nh3 c5 8.d5 Nb6 9.Nf2
Nfd7 10.Be2 Ne5 11.Qb3 h6 12.Be3 e6 13.O-O exd5 14.cxd5 g5 15.a4 Qe7 16.a5
Nbd7 17.Rae1 Rb8 18.Qa2 b6 19.a6 Nf6 20.Nb5 Ra8 21.b3 Ng6 22.Bc4 Ne8 23.Qd2
Rb8 24.Nh1 Bxa6 25.Nxd6 Qxd6 26.Bxa6 b5 27.Qa5 Nc7 28.b4 Nxa6 29.Ng3 Qb6 30.
Ra1 Nxb4 31.Qxa7 Qxa7 32.Rxa7 Bd4 33.Bxd4 cxd4 34.Nf5 d3 35.Nxh6+ Kg7 36.Nf5+
Kh7 37.Ne3 Ne5 38.h4 Rb6 39.Nf5 gxh4 40.Re7 Nc4 41.Kf2 Ra6 42.Nxh4 Ra2+ 43.Kg3
Nc2 44.Rh1 Rg8+ 45.Kf4 Kg7 46.Nf5+ Kf8 47.Rh7 Rxg2 48.Rhxf7+ Kg8 1-0

[Event "Cto de Aragon  Equipos Cat Preferente"]
[Site "Aragon"]
[Date "2010.02.20"]
[Round "5.47"]
[White "Bellosta Lopez Pablo"]
[Black "Gil Pineiro David"]
[Result "1/2-1/2"]
[WhiteElo "1892"]
[BlackElo "1937"]

1.e4 c5 2.Nf3 g6 3.d4 cxd4 4.Nxd4 Nc6 5.Nc3 Bg7 6.Be3 Nf6 7.Bc4 O-O 8.Bb3 a5
9.f3 d5 10.Nxc6 bxc6 11.exd5 Nxd5 12.Nxd5 cxd5 13.Qxd5 Qxd5 14.Bxd5 Rb8 15.Rb1
Rxb2 16.Rxb2 Bxb2 17.Kf2 Bf5 18.Bb3 Rc8 19.c4 Be6 20.c5 Bxb3 21.axb3 Ba3 22.
Ra1 Bxc5 23.Rxa5 Bxe3+ 24.Kxe3 Rc3+ 25.Kf2 Rxb3 26.Ra2 Kg7 27.Re2 Kf6 28.g3 e5
29.Kg2 h5 30.Kf2 g5 31.h3 Rb4 32.Kg2 Kf5 33.Kf2 h4 34.Ra2 f6 35.Rc2 hxg3+ 36.
Kxg3 Rf4 37.Rc5 Ke6 38.Ra5 Rb4 39.Ra6+ Kf5 40.Ra5 Rd4 41.Rb5 Rf4 42.Ra5 Kg6
43.Ra6 e4 44.fxe4 Rxe4 45.Kf3 Rb4 46.Rc6 Rf4+ 47.Kg3 Kf5 48.Rc5+ Kg6 49.Rc6
Re4 50.Kf3 Kf5 51.Rxf6+ Kxf6 52.Kxe4 1/2-1/2

[Event "Cto de Aragon  Equipos Cat Preferente"]
[Site "Aragon"]
[Date "2010.02.20"]
[Round "5.48"]
[White "Pache Marconell Juan Manuel"]
[Black "Montoro Mavilla Sergio"]
[Result "1-0"]
[WhiteElo "1550"]
[BlackElo "1765"]

1.e4 e5 2.Nf3 Nc6 3.Bb5 a6 4.Ba4 Nf6 5.O-O Be7 6.Re1 O-O 7.Bxc6 dxc6 8.Nxe5
Bd6 9.Nf3 Re8 10.e5 Bg4 11.exd6 Qxd6 12.Rxe8+ Rxe8 13.d3 Qe6 14.Nbd2 Nd5 15.
Ne4 Qg6 16.Bd2 Re6 17.Ng3 Rf6 18.Ne5 Bxd1 19.Nxg6 Bxc2 20.Ne5 Re6 21.Rc1 Ba4
22.d4 f6 23.Nd7 b6 24.Nb8 Bb5 25.a4 Bxa4 26.Nxa6 Kf7 27.Nb4 Ne7 28.f3 g6 29.
Bf4 b5 30.Ne4 1-0

[Event "Cto de Aragon  Equipos Cat Preferente"]
[Site "Aragon"]
[Date "2010.02.20"]
[Round "5.49"]
[White "Antonano Fernandez Avelino"]
[Black "Lahoz Gimeno Mauel"]
[Result "1-0"]
[WhiteElo "2137"]
[BlackElo "2002"]

1.Nf3 e6 2.b3 d5 3.Bb2 Nf6 4.e3 c5 5.Ne5 Nbd7 6.Bb5 Be7 7.f4 O-O 8.O-O a6 9.
Bxd7 Bxd7 10.d3 Rc8 11.Nd2 b5 12.Rf3 Qb6 13.Rh3 d4 14.Ne4 Bc6 15.Nxf6+ Bxf6
16.Qh5 h6 17.Ng4 Qd8 18.Nxh6+ gxh6 19.Qxh6 1-0

[Event "Cto de Aragon  Equipos Cat Preferente"]
[Site "Aragon"]
[Date "2010.02.20"]
[Round "5.50"]
[White "Garcia Andres Daniel"]
[Black "Juberias Segura Santiago"]
[Result "1-0"]
[WhiteElo "1980"]
[BlackElo "2111"]

1.e4 c5 2.f4 g6 3.Nf3 Bg7 4.f5 gxf5 5.exf5 d5 6.Bb5+ Nc6 7.O-O Bxf5 8.d4 cxd4
9.Nxd4 Bd7 10.Be3 Nxd4 11.Bxd4 Bxd4+ 12.Qxd4 Nf6 13.Bxd7+ Qxd7 14.Nc3 Rg8 15.
Rae1 Kf8 16.Re5 Rg4 17.Qf2 Rg7 18.Qd2 Rd8 19.Rxf6 d4 20.Ne4 exf6 21.Qb4+ 1-0

[Event "Cto de Aragon  Equipos Cat Preferente"]
[Site "Aragon"]
[Date "2010.02.20"]
[Round "5.51"]
[White "Pellicer Abella Emilio"]
[Black "Alvarez Gonzalo Miguel Angel"]
[Result "1/2-1/2"]
[WhiteElo "1807"]
[BlackElo "1925"]

1.Nf3 Nf6 2.d4 e6 3.Bf4 b6 4.e3 Bb7 5.Nbd2 c5 6.c3 Be7 7.Bd3 d5 8.Qe2 Nbd7 9.
Rc1 Nh5 10.Bg3 g6 11.Ne5 Nxg3 12.hxg3 Nxe5 13.dxe5 a6 14.f4 b5 15.Nf3 Qb6 16.
g4 c4 17.Bb1 Bc5 18.Nd4 O-O-O 19.f5 Kb8 20.Rh3 Rdg8 21.Kd2 b4 22.fxe6 bxc3+
23.bxc3 fxe6 24.Bc2 Bxd4 25.exd4 h5 26.gxh5 gxh5 27.Rf3 Rg4 28.Rf7 Qd8 29.Rb1
Qg5+ 30.Kd1 Rxg2 31.Rbxb7+ Ka8 32.Ra7+ Kb8 33.Rfb7+ Kc8 1/2-1/2

[Event "Cto de Aragon  Equipos Cat Preferente"]
[Site "Aragon"]
[Date "2010.02.20"]
[Round "5.52"]
[White "Lafarga Bueno Daniel"]
[Black "Solanas Godes Beatriz"]
[Result "0-1"]
[WhiteElo "1840"]
[BlackElo "1799"]

1.e4 e5 2.Nf3 Nc6 3.Bc4 Bc5 4.c3 Nf6 5.d4 exd4 6.O-O O-O 7.cxd4 Bb6 8.Bg5 h6
9.Bxf6 Qxf6 10.Nc3 Nxd4 11.Nxd4 Qxd4 12.Qb3 c6 13.Rad1 Qe5 14.Kh1 Qf4 15.Rd3
Bc7 16.g3 Qf6 17.Re3 b5 18.Bd3 d6 19.f4 Bb6 20.Ree1 Bh3 21.Rf3 Bg4 22.Rff1 Bh3
23.Rf3 Bg4 24.Rff1 Qd4 25.Ne2 Qe3 26.Ng1 Qd2 27.Qc2 Qxc2 28.Bxc2 Bd4 29.f5 Bh5
30.h3 f6 31.g4 Bf7 32.b3 Rfe8 33.Ne2 Bc5 34.Nf4 Re7 35.Rd1 Rd8 36.Nd3 Bb6 37.
Nb4 Be8 38.Rfe1 Ba5 39.a3 Bxb4 40.axb4 Bf7 41.Rd4 d5 42.Red1 Rde8 43.Re1 h5
44.Kg2 hxg4 45.hxg4 dxe4 46.Bxe4 Rxe4 47.Rdxe4 Rxe4 48.Rxe4 Bd5 49.Kf3 Bxe4+
50.Kxe4 Kf7 51.Kd4 Ke7 52.Kd3 Kd6 53.Kd4 a6 54.Ke4 c5 0-1

[Event "Cto de Aragon  Equipos Cat Preferente"]
[Site "Aragon"]
[Date "2010.02.20"]
[Round "5.53"]
[White "Horton Justin"]
[Black "Donoso Sanchez Alejandro"]
[Result "0-1"]
[WhiteElo "2106"]
[BlackElo "2111"]

1.Nf3 c5 2.c4 g6 3.d4 Bg7 4.d5 e6 5.Nc3 exd5 6.cxd5 d6 7.e4 Nf6 8.Be2 O-O 9.
Nd2 Nbd7 10.O-O Re8 11.a4 Ne5 12.Qc2 Bg4 13.Bxg4 Nfxg4 14.h3 Nf6 15.f4 Ned7
16.Nf3 a6 17.Bd2 c4 18.Rae1 Nc5 19.e5 dxe5 20.fxe5 Nxd5 21.Bg5 Nb4 22.Qf2 Qc7
23.Qh4 Ncd3 24.Re4 Rac8 25.Bf6 Bxf6 26.exf6 Rxe4 27.Nxe4 Qf4 28.Qxf4 Nxf4 29.
Nfg5 Ne2+ 30.Kf2 Re8 31.Kxe2 h6 32.Nxf7 Kxf7 33.Kf3 Re6 34.Ke3 Nc2+ 35.Kf3
Nd4+ 36.Ke3 Nf5+ 37.Kf3 Rxe4 38.g4 Nd6 39.Rd1 Re6 0-1